El Korán / (Record no. 47637)

MARC details
000 -LEADER
campo de control de longitud fija 00558nam a2200193 i 4500
001 - NÚMERO DE CONTROL
campo de control 47637
003 - IDENTIFICADOR DE NÚMERO DE CONTROL
campo de control ES-MaACL
005 - FECHA Y HORA DE LA ÚLTIMA TRANSACCIÓN
campo de control 20230906161613.0
007 - CAMPO FIJO DE DESCRIPCIÓN FÍSICA--INFORMACIÓN GENERAL
campo de control de longitud fija t|
008 - DATOS DE LONGITUD FIJA--INFORMACIÓN GENERAL
campo de control de longitud fija 030509s1931 sp ||||1| spa d
080 ## - NÚMERO DE LA CLASIFICACIÓN DECIMAL UNIVERSAL
Número de la Clasificación Decimal Universal 297.18
130 0# - ENTRADA PRINCIPAL--TÍTULO UNIFORME
Título uniforme Corán.
Lenguaje de la obra Español.
9 (RLIN) 120330
245 13 - MENCIÓN DEL TÍTULO
Título El Korán /
Mención de responsabilidad, etc. Mahoma ; edición, traducción, prólogo y notas de O.B.B.J.
260 ## - PUBLICACIÓN, DISTRIBUCIÓN, ETC.
Lugar de publicación, distribución, etc. Madrid :
Nombre del editor, distribuidor, etc. Librería de la Vda. de J.B. Bergua,
Fecha de publicación, distribución, etc. [1931?]
300 ## - DESCRIPCIÓN FÍSICA
Extensión XVI, 539 p. ;
Dimensiones 16 cm.
630 04 - PUNTO DE ACCESO ADICIONAL DE MATERIA--TÍTULO UNIFORME
Título uniforme Corán.
9 (RLIN) 11361
700 1# - ENTRADA AGREGADA--NOMBRE PERSONAL
Nombre de persona Mahoma.
9 (RLIN) 75544
852 ## - LOCALIZACIÓN
Ubicación ES-MaACL
Número de control de estantería B-12656
Holdings
Estatus retirado Estado de pérdida Estado de daño No para préstamo Biblioteca de origen Biblioteca actual Ubicación en estantería Fecha de adquisición Fuente de adquisición Total de préstamos Signatura topográfica completa Código de barras Visto por última vez Precio de reemplazo Tipo de ítem Koha
        Biblioteca del Ateneo de Madrid Biblioteca del Ateneo de Madrid Sala Pardo Bazán 17/01/2008     B-12656 1050121 23/02/2023 23/02/2023 Libro impreso